000 00333nam a22001217a 4500
008 230605b xxu||||| |||| 00| 0 eng d
082 _a328.7305
_bSUL
100 _cJohn V. Sullivan
_d2009
245 _aConstitution U. S Congress 2008
260 _aWarshington
_bU. S Government Printing Office
300 _axiii;328 p
942 _2ddc
_cBK
999 _c429
_d429